| 000 | 00669nam a22002297a 4500 | ||
|---|---|---|---|
| 005 | 20230615105731.0 | ||
| 008 | 230612b ||||| |||| 00| 0 eng d | ||
| 040 | _cAL | ||
| 041 | _aGerman | ||
| 082 |
_223 _a220.3 _bRAHK |
||
| 100 |
_aKarl Rahner and others _9124007 |
||
| 245 | _aKleines Theologisches Wortherbuch Small Theological Dictionary | ||
| 260 |
_aBucherei _bHerder _c1965 |
||
| 300 |
_a397 p. _bPB _c18x10.7 cm. |
||
| 650 |
_aTheology _9123624 |
||
| 650 |
_aCatholic Church _9123625 |
||
| 650 |
_aReligion _9124008 |
||
| 650 |
_aChristanity _9124009 |
||
| 700 |
_aRAHNER (Karl) _9123626 |
||
| 700 |
_aVORGRIMLER (Herbert) _9123627 |
||
| 942 |
_2ddc _cDB |
||
| 999 |
_c227493 _d227493 |
||